| 000 | 00582nam a2200193Ia 4500 | ||
|---|---|---|---|
| 005 | 20250508165603.0 | ||
| 008 | 008 250505s9999 xx 000 0 eng d | ||
| 020 | _a978-93-80601-69-4 | ||
| 037 | _aReference | ||
| 040 |
_aFEDL _beng _cFEDL |
||
| 041 |
_aeng _2eng |
||
| 084 |
_a305.42, BAC/RR _qFEDL |
||
| 245 | 0 | _aBachelor of education (B.Ed): Paper 6: Gender, school and society. 3 Unit | |
| 260 | _c2016 | ||
| 490 | _vUnit 1 | ||
| 546 | _aGifted by Prof. poonam Batra; Portfolio of readings | ||
| 942 |
_cREF _h305.42, BAC/RR |
||
| 999 |
_c1396025 _d1396025 |
||